Statistics for Africa Capitals + Yellow Box

Click here to take the quiz!

General Stats

  • This quiz has been taken 21 times
    (7 since last reset)
  • The average score is 47 of 59

Answer Stats

CountryCapital% Correct
NigeriaAbuja
100%
GhanaAccra
100%
EthiopiaAddis Ababa
100%
AlgeriaAlgiers
100%
EritreaAsmara
100%
Guinea BissauBissau
100%
Congo (Rep.)Brazzaville
100%
EgyptCairo
100%
South Africa (legislative)Cape Town
100%
DjiboutiDjibouti City
100%
South SudanJuba
100%
SudanKhartoum
100%
AngolaLuanda
100%
ZambiaLusaka
100%
MozambiqueMaputo
100%
SomaliaMogadishu
100%
LiberiaMonrovia
100%
KenyaNairobi
100%
ChadN'Djamena
100%
South Africa (administrative)Pretoria
100%
MoroccoRabat
100%
São Tomé and PríncipeSão Tomé
100%
LibyaTripoli
100%
TunisiaTunis
100%
NamibiaWindhoek
100%
MadagascarAntananarivo
67%
MaliBamako
67%
Central African RepublicBangui
67%
The GambiaBanjul
67%
South Africa (judicial)Bloemfontein
67%
GuineaConakry
67%
SenegalDakar
67%
TanzaniaDodoma
67%
Sierra LeoneFreetown
67%
BotswanaGaborone
67%
BurundiGitega
67%
ZimbabweHarare
67%
UgandaKampala
67%
RwandaKigali
67%
Congo (Democratic Rep.)Kinshasa
67%
Western Sahara*Laayoune or El Aaiún
67%
GabonLibreville
67%
MalawiLilongwe
67%
TogoLomé
67%
Equatorial GuineaMalabo
67%
LesothoMaseru
67%
ComorosMoroni
67%
NigerNiamey
67%
MauritaniaNouakchott
67%
Burkina FasoOuagadougou
67%
MauritiusPort Louis
67%
Benin (official)Porto-Novo
67%
Cabo VerdePraia
67%
SeychellesVictoria
67%
Ivory CoastYamoussoukro
67%
CameroonYaoundé
67%
Benin (de facto)Cotonou
33%
Eswatini (legislative)Lobamba
33%
Eswatini (official)Mbabane
33%

Score Distribution

Percentile by Number Answered

Percent of People with Each Score

Your Score History

You have not taken this quiz since the last reset